=LDR 00000nam 2200000 4500 =001 NUTBA000000000006233 =005 20141127074900.0 =006 =007 =008 =020 ##$$a 979-9925-52-5 =035 ##$$a 0010-111400000000712 =040 ##$$a NBPDMAT =082 ##$$a 551.48 =090 ##$$a 551.48 $b Paj d =100 ##$$a Pauji Tyasari =245 ##$$a Danau : $b Kumpulan danau terluas di dunia / $c Puji Tyasari =250 ##$$a Cet.1 =260 ##$$a Surabaya : $b Pilas Bambu Kuning, $c 2008 =300 ##$$a 28 hlm. : $b ilus. ; $c 24 cm. =500 ##$$a Bibliografi : hlm. 28 =650 ##$$a Danau Terluas =850 ##$$a NBPDMAT